[Event "Villa Tehuelches op"]
[Site "Villa Tehuelches"]
[Date "2017.07.13"]
[Round "5"]
[White "Perez Gormaz, Matias Ariel"]
[Black "Rodriguez Vila, Andres"]
[Result "1-0"]
[WhiteElo "2377"]
[BlackElo "2486"]
[PlyCount "113"]
[EventDate "2017.07.11"]
[EventType "swiss"]
[EventRounds "7"]
[EventCountry "CHI"]
[SourceTitle "EXT 2018"]
[Source "ChessBase"]
[SourceDate "2017.10.13"]
[SourceVersion "1"]
[SourceVersionDate "2017.10.13"]
[SourceQuality "1"]

1. e4 e6 2. d3 d5 3. Nd2 Nf6 4. Ngf3 Bc5 5. c3 O-O 6. Be2 dxe4 7. dxe4 b6 8.
O-O Bb7 9. Qc2 Nbd7 10. Bd3 Ng4 11. Nc4 f5 12. Bg5 Qe8 13. Bh4 Qh5 14. Bg3 f4
15. Bh4 b5 16. Ncd2 Nde5 17. Be2 Nxf3+ 18. Nxf3 Ne5 19. b4 Bb6 20. Be7 Rf7 21.
Bc5 Bxc5 22. bxc5 Nxf3+ 23. Bxf3 Qxc5 24. Qb3 Re8 25. a4 c6 26. Rfd1 a6 27. Rd4
e5 28. Rd7 Qc4 29. Qxc4 bxc4 30. Rxf7 Kxf7 31. Be2 Rd8 32. Bxc4+ Ke7 33. Rb1
Bc8 34. h4 h5 35. Rb6 Rd1+ 36. Kh2 Kd6 37. Bd5 Bd7 38. Rxa6 Bc8 39. Ra8 cxd5
40. Rxc8 d4 41. Rd8+ Kc5 42. Rc8+ Kb6 43. cxd4 exd4 44. e5 d3 45. e6 Re1 46.
Rd8 f3 47. gxf3 Rxe6 48. Rxd3 Kc5 49. Re3 Rg6 50. Re5+ Kd4 51. Rxh5 Kd3 52. Rg5
Rf6 53. Rxg7 Ke2 54. Kg2 Rh6 55. Rg4 Rh5 56. Re4+ Kd3 57. Kg3 1-0

[Event "Villa Tehuelches op"]
[Site "Villa Tehuelches"]
[Date "2017.07.14"]
[Round "6"]
[White "Hernandez Guerrero, Gilberto Eduardo"]
[Black "Rodriguez Vila, Andres"]
[Result "1-0"]
[WhiteElo "2526"]
[BlackElo "2486"]
[PlyCount "55"]
[EventDate "2017.07.11"]
[EventType "swiss"]
[EventRounds "7"]
[EventCountry "CHI"]
[SourceTitle "EXT 2018"]
[Source "ChessBase"]
[SourceDate "2017.10.13"]
[SourceVersion "1"]
[SourceVersionDate "2017.10.13"]
[SourceQuality "1"]

1. e4 e6 2. d3 d5 3. Qe2 Nf6 4. Nf3 Be7 5. g3 b5 6. Bg2 dxe4 7. dxe4 b4 8. Nbd2
Ba6 9. Nc4 Nc6 10. e5 Nd5 11. Qe4 Qc8 12. O-O Qb7 13. Re1 O-O-O 14. Bg5 h6 15.
Bxe7 Ndxe7 16. a3 Nf5 17. b3 bxa3 18. Rxa3 Nb4 19. Qe2 Qd5 20. c3 Qd3 21. g4
Bxc4 22. bxc4 Nc2 23. Rxa7 Nxe1 24. Qxe1 Ne7 25. Nd4 Qxc4 26. Bf1 Qd5 27. Qa1
Qxe5 28. Bb5 1-0

[Event "Villa Tehuelches op"]
[Site "Villa Tehuelches"]
[Date "2017.07.14"]
[Round "7"]
[White "Rodriguez Vila, Andres"]
[Black "Fernandez, Jorge Daniel"]
[Result "1-0"]
[WhiteElo "2486"]
[BlackElo "2029"]
[PlyCount "53"]
[EventDate "2017.07.11"]
[EventType "swiss"]
[EventRounds "7"]
[EventCountry "CHI"]
[SourceTitle "EXT 2018"]
[Source "ChessBase"]
[SourceDate "2017.10.13"]
[SourceVersion "1"]
[SourceVersionDate "2017.10.13"]
[SourceQuality "1"]

1. e4 g6 2. d4 Bg7 3. h4 d5 4. e5 h5 5. c3 c5 6. Bd3 cxd4 7. cxd4 Nc6 8. Ne2
Nh6 9. Nbc3 Nf5 10. Bxf5 Bxf5 11. Qb3 Qd7 12. Be3 e6 13. Nb5 Bf8 14. O-O Be7
15. Bg5 O-O 16. Bxe7 Qxe7 17. Nd6 Qxh4 18. g3 Qg4 19. Qe3 h4 20. f3 Qh5 21. g4
Bxg4 22. fxg4 Qxg4+ 23. Kh2 Ne7 24. Rf4 Qh5 25. Qd2 g5 26. Rff1 Ng6 27. Rg1 1-0

[Event "Buenos Aires Carril Oeste"]
[Site "Buenos Aires"]
[Date "2017.07.26"]
[Round "1"]
[White "Hungaski, Robert Andrew"]
[Black "Rodriguez Vila, Andres"]
[Result "1/2-1/2"]
[WhiteElo "2504"]
[BlackElo "2486"]
[PlyCount "38"]
[EventDate "2017.07.26"]
[EventType "tourn"]
[EventRounds "9"]
[EventCountry "ARG"]
[EventCategory "8"]
[SourceTitle "EXT 2018"]
[Source "ChessBase"]
[SourceDate "2017.10.13"]
[SourceVersion "1"]
[SourceVersionDate "2017.10.13"]
[SourceQuality "1"]

1. e4 e6 2. d4 d5 3. Nd2 dxe4 4. Nxe4 Nd7 5. Nf3 Ngf6 6. Nxf6+ Nxf6 7. Bd3 c5
8. dxc5 Bxc5 9. O-O O-O 10. Qe2 Bd7 11. Ne5 Be8 12. Be3 Bxe3 13. Qxe3 Nd5 14.
Qe4 g6 15. Rfd1 Qe7 16. Bc4 Nf6 17. Qf3 Rc8 18. Rd4 Rc5 19. Qe3 Nh5 1/2-1/2

[Event "Buenos Aires Carril Oeste"]
[Site "Buenos Aires"]
[Date "2017.07.27"]
[Round "2"]
[White "Rodriguez Vila, Andres"]
[Black "Pierrot, Juan Facundo"]
[Result "1/2-1/2"]
[WhiteElo "2486"]
[BlackElo "2400"]
[PlyCount "105"]
[EventDate "2017.07.26"]
[EventType "tourn"]
[EventRounds "9"]
[EventCountry "ARG"]
[EventCategory "8"]
[SourceTitle "EXT 2018"]
[Source "ChessBase"]
[SourceDate "2017.10.13"]
[SourceVersion "1"]
[SourceVersionDate "2017.10.13"]
[SourceQuality "1"]

1. c4 c5 2. g3 g6 3. Bg2 Nc6 4. Nc3 Bg7 5. a3 a6 6. Rb1 Rb8 7. b4 cxb4 8. axb4
b5 9. cxb5 axb5 10. Bb2 Nf6 11. Ne4 Nh5 12. Nf3 O-O 13. Bxg7 Nxg7 14. d4 d5 15.
Nc5 Ne6 16. h4 h5 17. Qd2 Nxc5 18. dxc5 Bg4 19. Nh2 Bf5 20. Rd1 e6 21. O-O Qf6
22. f3 Qe5 23. g4 hxg4 24. Nxg4 Bxg4 25. fxg4 Ra8 26. h5 g5 27. Rf2 Ra4 28. Rb1
Rfa8 29. h6 Ra1 30. Rbf1 Rxf1+ 31. Bxf1 Ra3 32. e4 Rg3+ 33. Bg2 Rxg4 34. exd5
Qxd5 35. h7+ Kxh7 36. Rxf7+ Kg6 37. Qxd5 exd5 38. Rb7 Nxb4 39. Rxb5 Nd3 40. c6
Nf4 41. Rc5 Rxg2+ 42. Kf1 Ra2 43. c7 Ra8 44. c8=Q Rxc8 45. Rxc8 Kf5 46. Kf2 d4
47. Kf3 d3 48. Rc5+ Kg6 49. Kg4 Kf6 50. Rc1 Ke5 51. Rd1 Ke4 52. Rxd3 Nxd3 53.
Kxg5 1/2-1/2

[Event "Buenos Aires Carril Oeste"]
[Site "Buenos Aires"]
[Date "2017.07.28"]
[Round "3"]
[White "Sorin, Ariel"]
[Black "Rodriguez Vila, Andres"]
[Result "0-1"]
[WhiteElo "2420"]
[BlackElo "2486"]
[PlyCount "78"]
[EventDate "2017.07.26"]
[EventType "tourn"]
[EventRounds "9"]
[EventCountry "ARG"]
[EventCategory "8"]
[SourceTitle "EXT 2018"]
[Source "ChessBase"]
[SourceDate "2017.10.13"]
[SourceVersion "1"]
[SourceVersionDate "2017.10.13"]
[SourceQuality "1"]

1. d4 e6 2. c4 Bb4+ 3. Nd2 c5 4. a3 Bxd2+ 5. Qxd2 cxd4 6. Nf3 Nf6 7. Nxd4 O-O
8. e3 d5 9. b4 e5 10. Nb3 Be6 11. Nc5 Nbd7 12. Nxb7 Qc7 13. cxd5 Ne4 14. Qb2
Bxd5 15. Na5 Nb6 16. Bd3 Ng5 17. e4 Nxe4 18. O-O Rac8 19. Re1 f5 20. Bxe4 fxe4
21. Be3 Qd6 22. Bc5 Qg6 23. Re3 Rf5 24. Rd1 Qf7 25. Qd2 h6 26. h3 Be6 27. Rxe4
Rg5 28. h4 Rxg2+ 29. Kxg2 Qg6+ 30. Kf3 Bd5 31. Qe3 Qh5+ 32. Kg3 Qxd1 33. Rxe5
Nd7 34. Re8+ Rxe8 35. Qxe8+ Kh7 36. Qe3 Qg1+ 37. Kf4 g5+ 38. Kf5 Qb1+ 39. Kg4
Nf6+ 0-1

[Event "Buenos Aires Carril Oeste"]
[Site "Buenos Aires"]
[Date "2017.07.29"]
[Round "4"]
[White "Rodriguez Vila, Andres"]
[Black "Dolezal, Cristian"]
[Result "1-0"]
[WhiteElo "2486"]
[BlackElo "2400"]
[PlyCount "100"]
[EventDate "2017.07.26"]
[EventType "tourn"]
[EventRounds "9"]
[EventCountry "ARG"]
[EventCategory "8"]
[SourceTitle "EXT 2018"]
[Source "ChessBase"]
[SourceDate "2017.10.13"]
[SourceVersion "1"]
[SourceVersionDate "2017.10.13"]
[SourceQuality "1"]

1. e4 c5 2. Nf3 Nc6 3. d4 cxd4 4. Nxd4 g6 5. c4 Nf6 6. Nc3 Nxd4 7. Qxd4 d6 8.
Bg5 Bg7 9. Qd2 Be6 10. Rc1 h6 11. Be3 Ng4 12. Bd4 Bxd4 13. Qxd4 O-O 14. Be2 Qa5
15. Qd2 Qg5 16. f4 Qh5 17. Nd5 Bxd5 18. cxd5 Rac8 19. Rc3 Rxc3 20. Qxc3 Qh4+
21. g3 Qh3 22. Bf1 Qh5 23. h3 Nf6 24. Be2 Nxe4 25. Qd4 Qf5 26. Bd3 Ng5 27. fxg5
Qxg5 28. Kf2 Qd2+ 29. Kf3 e5 30. Qc3 Qg5 31. Qc1 Qh5+ 32. Kf2 Re8 33. Be4 Kg7
34. a3 Re7 35. Qe3 Rc7 36. Qxa7 Rc4 37. Qe3 f5 38. Bd3 Rc5 39. Be2 Rc2 40. Qd3
Rxb2 41. Rb1 Ra2 42. Qd1 Rxe2+ 43. Qxe2 Qxh3 44. Rxb7+ Kf6 45. Qf3 e4 46. Qc3+
Kg5 47. Qe3+ Kf6 48. Rd7 Qh2+ 49. Ke1 Qh1+ 50. Kd2 Qg2+ 1-0

[Event "Buenos Aires Carril Oeste"]
[Site "Buenos Aires"]
[Date "2017.07.30"]
[Round "5"]
[White "Abarca Gonzalez, Nicolas"]
[Black "Rodriguez Vila, Andres"]
[Result "0-1"]
[WhiteElo "2382"]
[BlackElo "2486"]
[PlyCount "114"]
[EventDate "2017.07.26"]
[EventType "tourn"]
[EventRounds "9"]
[EventCountry "ARG"]
[EventCategory "8"]
[SourceTitle "EXT 2018"]
[Source "ChessBase"]
[SourceDate "2017.10.13"]
[SourceVersion "1"]
[SourceVersionDate "2017.10.13"]
[SourceQuality "1"]

1. e4 e5 2. Nf3 Nc6 3. Bc4 Bc5 4. d3 Nf6 5. O-O d6 6. c3 Bb6 7. a4 h6 8. Nbd2
O-O 9. Re1 a6 10. Nf1 Be6 11. Bxe6 fxe6 12. Be3 Nh5 13. Bxb6 cxb6 14. d4 Qf6
15. dxe5 dxe5 16. b4 Nf4 17. Re3 Rad8 18. Qc2 g5 19. h3 h5 20. Nxg5 h4 21. Nf3
Nd4 22. cxd4 exd4 23. Rd3 Rc8 24. Qd2 Nxd3 25. Qxd3 Rc3 26. Qd1 e5 27. N1h2
Rfc8 28. Nd2 Qf4 29. Nhf3 Rc2 30. b5 a5 31. Rb1 R8c3 32. Ra1 Kf8 33. Rb1 Ke7
34. Ra1 Kd6 35. Rb1 Kc7 36. Ra1 Kb8 37. Rb1 Ka7 38. Ra1 d3 39. Qe1 Rb2 40. g3
hxg3 41. fxg3 Qh6 42. h4 Rcc2 43. Rd1 Ra2 44. Kf2 Rxa4 45. Qe3 Qg6 46. Nxe5 Qe6
47. Nxd3 Rxe4 48. Qf3 Rd4 49. Qe3 Qd5 50. Nf4 Rdxd2+ 51. Rxd2 Rxd2+ 52. Ke1
Rd1+ 53. Ke2 Qh1 54. Qc3 Rc1 55. Qg7 Qe4+ 56. Kd2 Rc2+ 57. Kd1 Rf2 0-1

[Event "Buenos Aires Carril Oeste"]
[Site "Buenos Aires"]
[Date "2017.07.31"]
[Round "6"]
[White "Sosa, Tomas1"]
[Black "Rodriguez Vila, Andres"]
[Result "1-0"]
[WhiteElo "2465"]
[BlackElo "2486"]
[PlyCount "103"]
[EventDate "2017.07.26"]
[EventType "tourn"]
[EventRounds "9"]
[EventCountry "ARG"]
[EventCategory "8"]
[SourceTitle "EXT 2018"]
[Source "ChessBase"]
[SourceDate "2017.10.13"]
[SourceVersion "1"]
[SourceVersionDate "2017.10.13"]
[SourceQuality "1"]

1. e4 d5 2. exd5 Qxd5 3. Nc3 Qa5 4. d4 Nf6 5. Nf3 Bg4 6. h3 Bh5 7. g4 Bg6 8.
Ne5 e6 9. Nxg6 hxg6 10. Bg2 c6 11. O-O Bd6 12. Re1 Nbd7 13. Be3 Kf8 14. Qd2 Qc7
15. Rad1 Nb6 16. Qe2 Re8 17. Qf3 Nbd5 18. Nxd5 cxd5 19. Rc1 Qb6 20. c4 dxc4 21.
d5 Qxb2 22. dxe6 Rxe6 23. Rxc4 b6 24. Rc8+ Ne8 25. Qa8 Qe5 26. Bd2 Qxe1+ 27.
Bxe1 Rxe1+ 28. Bf1 g5 29. Kg2 Rh6 30. Bb5 Rhe6 31. Qxa7 Bc5 32. Qa8 R1e5 33. a4
Re7 34. Qb8 f6 35. a5 bxa5 36. Rxc5 Rxc5 37. Bxe8 Rxe8 38. Qd6+ Kg8 39. Qxc5
Re5 40. Qa7 Kh7 41. Kg3 Rb5 42. f3 Re5 43. Qa8 Rc5 44. h4 gxh4+ 45. Kxh4 Re5
46. Qc8 Rb5 47. Qc2+ Kh8 48. f4 Rd5 49. Qc6 Rd4 50. Kh5 Rxf4 51. Kg6 Rxg4+ 52.
Kf7 1-0

[Event "Buenos Aires Carril Oeste"]
[Site "Buenos Aires"]
[Date "2017.08.02"]
[Round "8"]
[White "Iermito, Sebastian"]
[Black "Rodriguez Vila, Andres"]
[Result "1-0"]
[WhiteElo "2498"]
[BlackElo "2486"]
[PlyCount "85"]
[EventDate "2017.07.26"]
[EventType "tourn"]
[EventRounds "9"]
[EventCountry "ARG"]
[EventCategory "8"]
[SourceTitle "EXT 2018"]
[Source "ChessBase"]
[SourceDate "2017.10.13"]
[SourceVersion "1"]
[SourceVersionDate "2017.10.13"]
[SourceQuality "1"]

1. e4 c5 2. Nf3 Nc6 3. Bb5 g6 4. Bxc6 dxc6 5. d3 Bg7 6. h3 e5 7. Be3 Qe7 8. Nc3
Nf6 9. Qd2 O-O 10. Bh6 Bxh6 11. Qxh6 Nh5 12. O-O-O f6 13. g3 b5 14. Nh4 a5 15.
f4 b4 16. Ne2 Ng7 17. g4 b3 18. cxb3 a4 19. f5 g5 20. Nf3 axb3 21. a3 c4 22. h4
Rxa3 23. bxa3 Qxa3+ 24. Kd2 cxd3 25. Ng3 Qc5 26. Rh2 Qa5+ 27. Ke3 Qa7+ 28. Nd4
Rd8 29. hxg5 Ne8 30. gxf6 Rxd4 31. Kf3 d2 32. Qe3 c5 33. Rhxd2 Qf7 34. Qc3 Rxd2
35. Rxd2 c4 36. Rd8 Bd7 37. Nh5 Bc6 38. Qxe5 b2 39. Qxb2 Qc7 40. Qb8 Qxb8 41.
Rxb8 Kf7 42. Ke3 c3 43. Rc8 1-0

[Event "Buenos Aires Carril Oeste"]
[Site "Buenos Aires"]
[Date "2017.08.03"]
[Round "9"]
[White "Rodriguez Vila, Andres"]
[Black "Liascovich, Lucas Agustin"]
[Result "0-1"]
[WhiteElo "2486"]
[BlackElo "2473"]
[PlyCount "76"]
[EventDate "2017.07.26"]
[EventType "tourn"]
[EventRounds "9"]
[EventCountry "ARG"]
[EventCategory "8"]
[SourceTitle "EXT 2018"]
[Source "ChessBase"]
[SourceDate "2017.10.13"]
[SourceVersion "1"]
[SourceVersionDate "2017.10.13"]
[SourceQuality "1"]

1. e4 e5 2. Nf3 d6 3. d4 exd4 4. Nxd4 Nf6 5. Nc3 Be7 6. g3 d5 7. e5 Ng4 8. e6
Nf6 9. exf7+ Kxf7 10. Bg2 c6 11. O-O Re8 12. Bf4 Bd6 13. Qd2 Bxf4 14. Qxf4 Na6
15. b4 Nc7 16. Na4 Ne6 17. Nxe6 Bxe6 18. Nc5 Qb8 19. Qd4 Bf5 20. c4 b6 21. Na6
Qb7 22. b5 Be4 23. f3 c5 24. Qd2 Bg6 25. cxd5 Rad8 26. Qf4 Kg8 27. d6 Nd5 28.
Qd2 Rxd6 29. Rad1 Qd7 30. a4 c4 31. f4 Be4 32. Rfe1 Bxg2 33. Rxe8+ Qxe8 34. Re1
Re6 35. Rxe6 Qxe6 36. Qxg2 c3 37. h4 Qe1+ 38. Kh2 Qd2 0-1

[Event "ARG-chT"]
[Site "Villa Martelli"]
[Date "2017.08.05"]
[Round "1.1"]
[White "Rodriguez Vila, Andres"]
[Black "Leal, Jorge Augusto"]
[Result "1-0"]
[WhiteElo "2483"]
[BlackElo "2098"]
[PlyCount "63"]
[EventDate "2017.08.05"]
[EventType "team"]
[EventRounds "9"]
[EventCountry "ARG"]
[SourceTitle "CBM 180 Extra"]
[Source "ChessBase"]
[SourceDate "2017.10.06"]
[SourceVersion "1"]
[SourceVersionDate "2017.10.06"]
[SourceQuality "1"]
[WhiteTeam "Republica Martelli"]
[BlackTeam "Mar del Plata"]
[WhiteTeamCountry "ARG"]
[BlackTeamCountry "ARG"]

1. e4 e6 2. d4 d5 3. e5 Qd7 4. c3 b6 5. Nh3 a5 6. Nf4 Ba6 7. Bxa6 Nxa6 8. O-O
Ne7 9. Nd2 Ng6 10. Nh5 Rg8 11. f4 O-O-O 12. Nf3 Be7 13. Be3 f6 14. Qd3 Kb7 15.
exf6 gxf6 16. Rae1 Rgf8 17. f5 exf5 18. Bh6 Rf7 19. Ng7 f4 20. Ne6 Rg8 21. Qf5
c6 22. Nfg5 Nh4 23. Qxf4 Nxg2 24. Kxg2 Bd6 25. Qf5 Re7 26. Kh1 fxg5 27. Bf8 Re8
28. Bxd6 Qxd6 29. Qxh7+ Kb8 30. Nxg5 Rh8 31. Nf7 Qd7 32. Nxh8 1-0

[Event "ARG-chT"]
[Site "Villa Martelli"]
[Date "2017.08.12"]
[Round "2.3"]
[White "Conde, Adrian"]
[Black "Rodriguez Vila, Andres"]
[Result "0-1"]
[WhiteElo "2116"]
[BlackElo "2483"]
[PlyCount "64"]
[EventDate "2017.08.05"]
[EventType "team"]
[EventRounds "9"]
[EventCountry "ARG"]
[SourceTitle "CBM 180 Extra"]
[Source "ChessBase"]
[SourceDate "2017.10.06"]
[SourceVersion "1"]
[SourceVersionDate "2017.10.06"]
[SourceQuality "1"]
[WhiteTeam "Tacticos y Estrategas"]
[BlackTeam "Republica Martelli"]
[WhiteTeamCountry "ARG"]
[BlackTeamCountry "ARG"]

1. e4 e6 2. d4 d5 3. Nc3 Bb4 4. Nge2 f5 5. exf5 exf5 6. Nf4 Nf6 7. Be2 O-O 8.
O-O Nc6 9. Bf3 Bxc3 10. bxc3 Ne4 11. Qd3 Na5 12. Bxe4 fxe4 13. Qg3 Bf5 14. Ba3
Rf7 15. Rae1 Nc4 16. Bc1 Qd7 17. h3 Raf8 18. Re2 Qd6 19. Rfe1 Bd7 20. Nh5 Bb5
21. Bf4 Qg6 22. Qh4 Rf5 23. g4 Rxh5 24. Qg3 Rxh3 25. Qxh3 Rxf4 26. Kh2 Bd7 27.
f3 Rxf3 28. Qh4 Qxg4 29. Qd8+ Rf8 30. Qxc7 Ne3 31. Qe5 Nf1+ 32. Kh1 Ng3+ 0-1

[Event "ARG-chT"]
[Site "Villa Martelli"]
[Date "2017.08.19"]
[Round "3.1"]
[White "Rodriguez Vila, Andres"]
[Black "Flores, Diego"]
[Result "0-1"]
[WhiteElo "2483"]
[BlackElo "2580"]
[PlyCount "36"]
[EventDate "2017.08.05"]
[EventType "team"]
[EventRounds "9"]
[EventCountry "ARG"]
[SourceTitle "CBM 180 Extra"]
[Source "ChessBase"]
[SourceDate "2017.10.06"]
[SourceVersion "1"]
[SourceVersionDate "2017.10.06"]
[SourceQuality "1"]
[WhiteTeam "Republica Martelli"]
[BlackTeam "Boca Juniors"]
[WhiteTeamCountry "ARG"]
[BlackTeamCountry "ARG"]

1. e4 c5 2. Nf3 e6 3. d4 cxd4 4. Nxd4 a6 5. Bd3 Bc5 6. Nb3 Be7 7. Qg4 g6 8. Qe2
d6 9. O-O Nd7 10. Na3 Ne5 11. h3 Nf6 12. Bh6 Nh5 13. f4 Nxd3 14. Qxd3 b5 15. f5
Qb6+ 16. Be3 Qb8 17. c4 gxf5 18. exf5 Rg8 0-1

[Event "ARG-chT"]
[Site "Villa Martelli"]
[Date "2017.09.02"]
[Round "5.1"]
[White "Perez, Maximiliano"]
[Black "Rodriguez Vila, Andres"]
[Result "0-1"]
[WhiteElo "2385"]
[BlackElo "2483"]
[PlyCount "76"]
[EventDate "2017.08.05"]
[EventType "team"]
[EventRounds "9"]
[EventCountry "ARG"]
[SourceTitle "CBM 180 Extra"]
[Source "ChessBase"]
[SourceDate "2017.10.06"]
[SourceVersion "1"]
[SourceVersionDate "2017.10.06"]
[SourceQuality "1"]
[WhiteTeam "15 Mayo El Sanitarista"]
[BlackTeam "Republica Martelli"]
[WhiteTeamCountry "ARG"]
[BlackTeamCountry "ARG"]

1. e4 e6 2. d4 d5 3. Nd2 a6 4. Ngf3 c5 5. c3 cxd4 6. Nxd4 dxe4 7. Nxe4 e5 8.
Qe2 Be7 9. Nf3 Nc6 10. Ned2 Nf6 11. Nxe5 Nxe5 12. Qxe5 O-O 13. Nc4 Re8 14. Ne3
Ng4 15. Qd4 Qc7 16. Be2 Bc5 17. Qd3 b5 18. Bxg4 Bxg4 19. O-O Rad8 20. Qc2 Bc8
21. c4 Bb7 22. cxb5 Be4 23. Qc3 Rd3 24. Qc4 axb5 25. Qxb5 Re5 26. Qc4 Rh5 27.
h3 Qf4 28. f3 Rxe3 29. Bxe3 Bxe3+ 30. Kh1 Qf5 31. Kh2 Bf4+ 32. Kg1 Bd5 33. Rad1
h6 34. Qc5 Rg5 35. Rf2 Qe6 36. Qc3 Qxh3 37. Kf1 Qh1+ 38. Ke2 Re5+ 0-1

[Event "ARG-chT"]
[Site "Villa Martelli"]
[Date "2017.09.23"]
[Round "8.1"]
[White "Rodriguez Vila, Andres"]
[Black "Langier, Daniel"]
[Result "1-0"]
[WhiteElo "2483"]
[BlackElo "2374"]
[PlyCount "53"]
[EventDate "2017.08.05"]
[EventType "team"]
[EventRounds "9"]
[EventCountry "ARG"]
[SourceTitle "CBM 180 Extra"]
[Source "ChessBase"]
[SourceDate "2017.10.06"]
[SourceVersion "1"]
[SourceVersionDate "2017.10.06"]
[SourceQuality "1"]
[WhiteTeam "Republica Martelli"]
[BlackTeam "Ferro Carril Oeste"]
[WhiteTeamCountry "ARG"]
[BlackTeamCountry "ARG"]

1. e4 c5 2. Nf3 d6 3. d4 cxd4 4. Nxd4 Nf6 5. Nc3 g6 6. Be3 Bg7 7. f3 Nc6 8. Qd2
O-O 9. O-O-O d5 10. exd5 Nxd5 11. Nxc6 bxc6 12. Bd4 e5 13. Bc5 Be6 14. Ne4 Qb8
15. Bxf8 Qxf8 16. g4 Rb8 17. Bc4 f5 18. gxf5 Bh6 19. Ng5 Qb4 20. Qxb4 Rxb4 21.
Rhg1 Bxf5 22. Bxd5+ cxd5 23. Rxd5 Rh4 24. Rxe5 Rxh2 25. Rc5 Bg7 26. Rxf5 Bd4
27. Ne6 1-0

[Event "Buenos Aires Grafica Yael"]
[Site "Buenos Aires"]
[Date "2017.08.05"]
[Round "1"]
[White "Rodriguez Vila, Andres"]
[Black "Sorin, Ariel"]
[Result "1/2-1/2"]
[WhiteElo "2483"]
[BlackElo "2417"]
[PlyCount "33"]
[EventDate "2017.08.05"]
[EventType "tourn"]
[EventRounds "9"]
[EventCountry "ARG"]
[EventCategory "7"]
[SourceTitle "CBM 180 Extra"]
[Source "ChessBase"]
[SourceDate "2017.10.06"]
[SourceVersion "1"]
[SourceVersionDate "2017.10.06"]
[SourceQuality "1"]

1. e4 e5 2. Nf3 Nc6 3. Bc4 Bc5 4. c3 Nf6 5. d3 d6 6. O-O a6 7. Nbd2 O-O 8. a4
Be6 9. b4 Ba7 10. Bxe6 fxe6 11. Ra2 b5 12. Re1 Nh5 13. Nf1 Qf6 14. Be3 g6 15.
Bxa7 Rxa7 16. Re3 Raa8 17. Ng3 1/2-1/2

[Event "Buenos Aires Grafica Yael"]
[Site "Buenos Aires"]
[Date "2017.08.06"]
[Round "2"]
[White "Perez, Maximiliano"]
[Black "Rodriguez Vila, Andres"]
[Result "1-0"]
[WhiteElo "2385"]
[BlackElo "2483"]
[PlyCount "167"]
[EventDate "2017.08.05"]
[EventType "tourn"]
[EventRounds "9"]
[EventCountry "ARG"]
[EventCategory "7"]
[SourceTitle "CBM 180 Extra"]
[Source "ChessBase"]
[SourceDate "2017.10.06"]
[SourceVersion "1"]
[SourceVersionDate "2017.10.06"]
[SourceQuality "1"]

1. e4 c5 2. Nf3 Nc6 3. d4 cxd4 4. Nxd4 Qb6 5. Nb3 e6 6. Nc3 a6 7. g3 Nf6 8. Bg2
d6 9. O-O Be7 10. a4 O-O 11. a5 Qc7 12. Be3 Nd7 13. Na4 Qb8 14. Qd2 Nce5 15.
Qe2 Bd8 16. f4 Nc6 17. Qd2 b6 18. axb6 Nxb6 19. Nxb6 Bxb6 20. e5 Bxe3+ 21. Qxe3
Nb4 22. Qd2 Nd5 23. exd6 Rd8 24. Qd4 Qxd6 25. Rfd1 Rb8 26. Nc5 Rb6 27. Ne4 Qc7
28. c4 Rb4 29. Bf1 Re8 30. Nc5 a5 31. b3 Nf6 32. Bg2 h5 33. h3 Rb8 34. Qd6 Qa7
35. Kh2 h4 36. g4 Rb6 37. Qd4 e5 38. fxe5 Qb8 39. Rxa5 Nh7 40. Ra8 Qc7 41. Ne4
Rf8 42. Nd6 Rxb3 43. Rxc8 Rxc8 44. Nxc8 Qxc8 45. Qd8+ Qxd8 46. Rxd8+ Nf8 47. c5
Rc3 48. c6 g5 49. Bd5 Rc5 50. Kg2 Kg7 51. Kf3 Ng6 52. Ke4 Ne7 53. Rd6 Rc3 54.
Rd7 Nxd5 55. Rxd5 Rxc6 56. Rd3 f6 57. Kf5 Kf7 58. Rd7+ Ke8 59. Rb7 fxe5 60.
Kxg5 e4 61. Kxh4 e3 62. Ra7 e2 63. Ra1 Kf7 64. Re1 Rc2 65. Kg5 Rc5+ 66. Kh6
Rc6+ 67. Kh5 Re6 68. Kg5 Re3 69. h4 Re8 70. Kf4 Kg6 71. Kf3 Rh8 72. h5+ Kg5 73.
Rxe2 Kh4 74. Re5 Rf8+ 75. Rf5 Ra8 76. Rf7 Ra3+ 77. Kf4 Ra4+ 78. Kf5 Rxg4 79. h6
Rg1 80. Kf6 Kh5 81. Rg7 Rb1 82. h7 Rb6+ 83. Kf5 Rh6 84. Rg1 1-0

[Event "Buenos Aires Grafica Yael"]
[Site "Buenos Aires"]
[Date "2017.08.07"]
[Round "3"]
[White "Rodriguez Vila, Andres"]
[Black "Molina, Roberto Junio Brito"]
[Result "0-1"]
[WhiteElo "2483"]
[BlackElo "2453"]
[PlyCount "116"]
[EventDate "2017.08.05"]
[EventType "tourn"]
[EventRounds "9"]
[EventCountry "ARG"]
[EventCategory "7"]
[SourceTitle "CBM 180 Extra"]
[Source "ChessBase"]
[SourceDate "2017.10.06"]
[SourceVersion "1"]
[SourceVersionDate "2017.10.06"]
[SourceQuality "1"]

1. c4 e6 2. Nf3 d5 3. b3 Nf6 4. g3 Be7 5. Bg2 O-O 6. O-O c5 7. cxd5 Nxd5 8. Bb2
b6 9. d4 Bb7 10. e4 Nf6 11. e5 Nd5 12. dxc5 Bxc5 13. a3 Nd7 14. Nbd2 Re8 15.
Re1 Be7 16. Nd4 Nc5 17. Bf1 a6 18. b4 Nd7 19. Nc4 Nf8 20. Qg4 f5 21. exf6 Nxf6
22. Qe2 Qd5 23. f3 Bd8 24. Qe5 b5 25. Qxd5 Bxd5 26. Nd6 Re7 27. a4 Rd7 28.
N6xb5 axb5 29. Bxb5 Rb7 30. Bc6 Bxc6 31. Nxc6 Bb6+ 32. Kh1 Nd5 33. Re4 Bd8 34.
Nxd8 Rxd8 35. b5 Ra8 36. h4 Kf7 37. h5 Nd7 38. Rae1 Nc5 39. Rg4 Nf6 40. Bxf6
gxf6 41. h6 f5 42. Rg7+ Kf6 43. Rc1 Rxg7 44. hxg7 Nxa4 45. Rc7 Rg8 46. Ra7 Nb6
47. Rb7 Rxg7 48. Rxb6 Rxg3 49. f4 Rg4 50. Rb7 Rxf4 51. Rxh7 Rb4 52. Rb7 Ke5 53.
Kg2 Kf4 54. b6 e5 55. Rb8 e4 56. b7 Rb2+ 57. Kf1 Kf3 58. Kg1 f4 0-1

[Event "Buenos Aires Grafica Yael"]
[Site "Buenos Aires"]
[Date "2017.08.08"]
[Round "4"]
[White "Llorens, Silvio"]
[Black "Rodriguez Vila, Andres"]
[Result "0-1"]
[WhiteElo "2135"]
[BlackElo "2483"]
[PlyCount "70"]
[EventDate "2017.08.05"]
[EventType "tourn"]
[EventRounds "9"]
[EventCountry "ARG"]
[EventCategory "7"]
[SourceTitle "CBM 180 Extra"]
[Source "ChessBase"]
[SourceDate "2017.10.06"]
[SourceVersion "1"]
[SourceVersionDate "2017.10.06"]
[SourceQuality "1"]

1. Nf3 d6 2. g3 g6 3. Bg2 Bg7 4. O-O f5 5. d4 Nf6 6. c4 O-O 7. Nc3 h6 8. b3 g5
9. Bb2 Qe8 10. d5 c5 11. Qc2 Na6 12. Rad1 Qh5 13. Nd2 f4 14. Nce4 Nb4 15. Qb1
fxg3 16. Nxf6+ exf6 17. fxg3 Bg4 18. Bf3 f5 19. Bxg7 Kxg7 20. a3 Na6 21. Rde1
Rae8 22. Qd3 Nb8 23. e4 Nd7 24. Qc3+ Ne5 25. exf5 Rxf5 26. Bg2 Rxf1+ 27. Rxf1
Qg6 28. Be4 Qh5 29. Qa5 Bd7 30. Qc7 Qe2 31. Rf2 Qe1+ 32. Kg2 Kg8 33. Qxb7 Ng4
34. Bh7+ Kh8 35. Ne4 Ne3+ 0-1